Normal view MARC view

Entry Meeting Name

Number of records used in: 1

001 - CONTROL NUMBER

  • control field: 15301

003 - CONTROL NUMBER IDENTIFIER

  • control field: OSt

005 - DATE AND TIME OF LATEST TRANSACTION

  • control field: 20211105133916.0

008 - FIXED-LENGTH DATA ELEMENTS

  • fixed length control field: 211105|| aca||aabn | a|a d

040 ## - CATALOGING SOURCE

  • Original cataloging agency: OSt
  • Transcribing agency: OSt

111 ## - HEADING--MEETING NAME

  • Meeting name or jurisdiction name as entry element: Symposium on "Celestial Mechanics"
  • Number of part/section/meeting: 12th
  • Location of meeting: Munchen
  • Date of meeting or treaty signing: 1987

670 ## - SOURCE DATA FOUND

  • Source citation: Work cat.: (OSt): Symposium on "Celestial Mechanics" 12th Munchen 1987, Celestial mechanics

Powered by Koha